000 00754nam a22001217a 4500
040 _cRUA
082 _aVEM HAI 2025 B705 Or.1
100 _aHAI LYHOUR, ហៃ លីហួ
245 _aCase Of Antibiotic Resistant Staphylococcus Aureus On Pigs And Slaughterhouse Enviroment In Commune 4, Mittapheap District, Sihanouk Ville. ករណី Staphylococcus ស៊ាំនឹងឳសថអង់ទីប៊ីយ៉ូទិកលើជ្រូក និងបរិស្ថាននៅទីសត្តឃាតដ្ឋានក្នុងសង្កាត់៤ខណ្ឌ មិត្តភាព ក្រុងព្រះសីហនុ
260 _aPHNOM PENH
_bRUA
_c2025
300 _axi,44p.
_bill.
_c29cm.
942 _cសារណាបទ
999 _c25562
_d25562